00613nam a2200205Ia 4500003000900000008004100009040001600050080001500066100002100081245006100102260003900163300001400202490004600216650004100262650002400303650001900327650002100346650001700367700002300384IN-BaIIA211028s9999 xx 000 0 eng d cIIA Library a521.1bBRO aBrown, Ernest W. 0aPlanetary theorycErnest W. Brown and Clarence A. Shook  aNew YorkbDover Publicationsc1964 axi, 302p. aDover books on astronomy and astrophysics aAstronomy and astrophysics thesaurus aDynamical astronomy aOrbits-planets aPlanetary theory aSolar system aShook, Clarence A.